|
|
|
|
| LEADER |
00000cam a2200000 a 4500 |
| 001 |
61629 |
| 003 |
CZ-ZlUTB |
| 005 |
20240829144746.0 |
| 007 |
ta |
| 008 |
720824s1972 xxua f b 001 0 eng |
| 020 |
|
|
|a 0444001220
|q (váz.)
|
| 040 |
|
|
|a DLC
|c DLC
|d DLC
|d ZLD002
|
| 072 |
|
7 |
|a 658
|x Řízení a správa podniku
|2 Konspekt
|9 4
|
| 080 |
|
|
|a 681.5
|2 MRF
|
| 080 |
|
|
|a 658.562
|2 MRF
|
| 080 |
|
|
|a 658.5:005.12
|2 MRF
|
| 080 |
|
|
|a 62:001.892
|2 MRF
|
| 080 |
|
|
|a 004.732:658.5
|2 MRF
|
| 080 |
|
|
|a (035)
|2 MRF
|
| 100 |
1 |
|
|a Martino, Joseph Paul,
|d 1931-
|7 utb2011669046
|4 aut
|
| 245 |
1 |
0 |
|a Technological forecasting for decisionmaking /
|c Joseph P. Martino
|
| 260 |
|
|
|a New York,
|b American Elsevier Publishing,
|c c1972
|
| 300 |
|
|
|a xviii, 750 s. :
|b il. ;
|c 24 cm
|
| 490 |
1 |
|
|a Policy sciences book series. A Series of Studies, Textbooks and Reference Works
|
| 504 |
|
|
|a Obsahuje bibliografie, bibliografické odkazy a rejstřík
|
| 650 |
0 |
7 |
|a řídicí systémy
|7 ph128305
|2 czenas
|
| 650 |
0 |
7 |
|a řízení technologických procesů
|7 ph153496
|x prognózy
|2 czenas
|
| 650 |
0 |
7 |
|a průmyslové inženýrství
|7 ph124748
|2 czenas
|
| 650 |
0 |
7 |
|a technologický rozvoj
|7 ph306815
|x prognózy
|2 czenas
|
| 650 |
0 |
7 |
|a průmyslové počítačové sítě
|7 ph214657
|2 czenas
|
| 650 |
0 |
9 |
|a control systems
|2 eczenas
|
| 650 |
0 |
9 |
|a process control
|x forecasting
|2 eczenas
|
| 650 |
0 |
9 |
|a production engineering
|2 eczenas
|
| 650 |
0 |
9 |
|a technological development
|x forecasting
|2 eczenas
|
| 650 |
0 |
9 |
|a industrial computer networks
|2 eczenas
|
| 655 |
|
7 |
|a příručky
|7 fd133209
|2 czenas
|
| 655 |
|
9 |
|a handbooks, manuals, etc
|2 eczenas
|
| 830 |
|
0 |
|a Policy sciences book series.
|p A Series of Studies, Textbooks and Reference Works
|
| 910 |
|
|
|a ZLD002
|
| 952 |
|
|
|0 0
|1 0
|4 0
|6 6815MARTINOJP
|7 0
|8 BOOK
|9 112520
|a UTBZL
|b UTBZL
|c 030
|d 2011-11-07
|l 0
|o 681.5/MARTINO,J.P.
|p 420010140599
|r 2019-08-26 00:00:00
|v 870.00
|w 2019-08-26
|x N:převod SPUR; | 20100831
|y 05
|
| 990 |
|
|
|a SPUR
|
| 992 |
|
|
|a BK
|b SK
|c SPUR
|
| 999 |
|
|
|c 61629
|d 61629
|